| 000 | 00833nas a2200253 4500 | ||
|---|---|---|---|
| 001 | BR9504205 | ||
| 003 | BR-BrBNA | ||
| 005 | 20231205094110.0 | ||
| 007 | ta | ||
| 008 | 230509b bl.|||p| |||| 00| 00por d | ||
| 040 |
_aBR-BrBNA _bpor _cBiblioteca Nacional de Agricultura |
||
| 041 | _a(Pt) | ||
| 072 | _aL72 | ||
| 100 | 1 | _aGazeta, G.S. | |
| 100 | 1 | _aFreire, N.M. da S. | |
| 245 | 1 | _aAnocenter nitens (Neumann, 1897)na regiao sudeste do Brasil: constatacao da assimetria entre placas peritrematicas e reavaliacao do carater festoes | |
| 650 | _aEquino | ||
| 650 | _aCarrapato | ||
| 650 | _aBiologia | ||
| 650 | _aSudeste | ||
| 773 | 0 |
_tRevista Brasileira de Medicina Veterinaria (Brazil) _xISSN 0100-2430 _g(Jan-Feb 1995), v. 17(1) p. 21-25 _wBR9504205 |
|
| 909 |
_a202311 _bLúcia _c55 _dLúcia Elande |
||
| 942 |
_2AGRIS _n0 _cANA |
||
| 999 |
_c142060 _d142060 |
||